[Event "NatWest Young Masters 3rd"]
[Site "London"]
[Date "1986.08.30"]
[Round "1"]
[White "Gallagher, Joseph G"]
[Black "Thomas, Ian L"]
[Result "1/2-1/2"]
[WhiteElo "2360"]
[BlackElo "2350"]
[PlyCount "106"]
[EventDate "1986.08.30"]
[EventType "tourn"]
[EventRounds "9"]
[EventCountry "ENG"]
[EventCategory "6"]
[SourceTitle "BritBase"]
[Source "John Saunders"]
[SourceDate "2020.09.07"]
[SourceVersion "1"]
[SourceVersionDate "2020.09.07"]
[SourceQuality "2"]

1. d4 f5 2. Nf3 Nf6 3. g3 g6 4. Bg2 Bg7 5. O-O O-O 6. c4 d6 7. Nc3 c6 8. Qc2 a5
9. b3 Na6 10. Bb2 Bd7 11. Rfd1 Rb8 12. e3 b5 13. Qe2 b4 14. Nb1 a4 15. bxa4 c5
16. a3 Bxa4 17. Rc1 Bd7 18. axb4 Nxb4 19. dxc5 dxc5 20. Rd1 Qb6 21. Be5 Rbd8
22. Nc3 Bc6 23. Ne1 Bxg2 24. Nxg2 Qe6 25. Bc7 Rxd1+ 26. Rxd1 Ne8 27. Nd5 Nxd5
28. cxd5 Qc8 29. Bb6 Rf6 30. Qb5 c4 31. Bd4 Nd6 32. Qb6 Ne4 33. Bxf6 Bxf6 34.
Qc6 Nd6 35. Qxc8+ Nxc8 36. Ne1 Kf7 37. f3 Nd6 38. Nc2 Bb2 39. Kf2 Kf6 40. Ke2
Nb5 41. Kf2 Ke5 42. e4 fxe4 43. fxe4 Kxe4 44. Re1+ Kd3 45. Nb4+ Kc3 46. Nc6 Ba3
47. Nxe7 Kb2 48. Re2+ Kb3 49. d6 Bxd6 50. Nd5 c3 51. Nxc3 Kxc3 52. Re8 Bc5+ 53.
Kg2 Nd4 1/2-1/2

[Event "NatWest Young Masters 3rd"]
[Site "London"]
[Date "1986.08.30"]
[Round "1"]
[White "Hebden, Mark L"]
[Black "Gerber, Richard"]
[Result "1/2-1/2"]
[WhiteElo "2430"]
[BlackElo "2395"]
[PlyCount "86"]
[EventDate "1986.08.30"]
[EventType "tourn"]
[EventRounds "9"]
[EventCountry "ENG"]
[EventCategory "6"]
[SourceTitle "BritBase"]
[Source "John Saunders"]
[SourceDate "2020.09.07"]
[SourceVersion "1"]
[SourceVersionDate "2020.09.07"]
[SourceQuality "2"]

1. e4 c5 2. f4 e6 3. Nf3 d5 4. Nc3 dxe4 5. Nxe4 Nc6 6. g3 Be7 7. Bg2 Nf6 8. Nf2
O-O 9. b3 Qc7 10. Bb2 b6 11. O-O Bb7 12. c4 Ne8 13. Qe2 Bf6 14. Ne5 Rd8 15.
Nfg4 Nd4 16. Qf2 Be7 17. Rad1 f5 18. Ne3 Bf6 19. Bxb7 Qxb7 20. Bxd4 Rxd4 21.
Nc2 Rd8 22. d4 Nd6 23. dxc5 Ne4 24. Qf3 bxc5 25. Rxd8 Rxd8 26. Rd1 Rxd1+ 27.
Qxd1 Bxe5 28. Qd8+ Kf7 29. fxe5 Nc3 30. Kf2 Nxa2 31. Ne1 Nc3 32. Nd3 Ne4+ 33.
Ke3 h6 34. h4 Qc6 35. Qb8 Qd7 36. g4 fxg4 37. h5 Qd4+ 38. Ke2 Nc3+ 39. Kd2 Nb1+
40. Kc2 g3 41. Qb7+ Kg8 42. Qf3 Nc3 43. Qxg3 Ne4 {(=)??} (43... Ne4 44. Qe1 Kh7
45. Qa5 Qe3 {wins for Black}) 1/2-1/2

[Event "NatWest Young Masters 3rd"]
[Site "London"]
[Date "1986.08.30"]
[Round "1"]
[White "Pedersen, Erik"]
[Black "Norwood, David"]
[Result "1-0"]
[WhiteElo "2400"]
[BlackElo "2415"]
[PlyCount "83"]
[EventDate "1986.08.30"]
[EventType "tourn"]
[EventRounds "9"]
[EventCountry "ENG"]
[EventCategory "6"]
[SourceTitle "BritBase"]
[Source "John Saunders"]
[SourceDate "2020.09.07"]
[SourceVersion "1"]
[SourceVersionDate "2020.09.07"]
[SourceQuality "2"]

1. d4 Nf6 2. Nf3 e6 3. e3 c5 4. Bd3 Nc6 5. O-O d5 6. b3 Be7 7. Bb2 cxd4 8. exd4
Ne4 9. c4 O-O 10. Nc3 Ng5 11. Ne5 Nxd4 12. f4 Bd6 13. Ng4 f5 14. fxg5 Qxg5 15.
Nf2 b6 16. Nh3 Qe3+ 17. Kh1 dxc4 18. Bxc4 Bb7 19. Qd3 Qh6 20. Bd5 exd5 21. Qxd4
Rae8 22. Rae1 Rxe1 23. Rxe1 f4 24. Nd1 Bc5 25. Qe5 f3 26. gxf3 d4 27. Ng1 d3
28. Bd4 Qg6 29. Bxc5 Rxf3 30. Qb8+ Rf8+ 31. Qxb7 bxc5 32. Qd5+ Kh8 33. Qxc5 Qf7
34. Qe3 Qd5+ 35. Qe4 d2 36. Re2 Qa5 37. Qg2 Qxa2 38. Rxd2 Qxb3 39. Rd7 Rg8 40.
Nh3 a5 41. Nf4 Qa4 42. Ng6+ 1-0

[Event "NatWest Young Masters 3rd"]
[Site "London"]
[Date "1986.08.30"]
[Round "1"]
[White "Schiller, Eric Andrew"]
[Black "Rodgaard, John"]
[Result "1/2-1/2"]
[WhiteElo "2370"]
[BlackElo "2350"]
[PlyCount "28"]
[EventDate "1986.08.30"]
[EventType "tourn"]
[EventRounds "9"]
[EventCountry "ENG"]
[EventCategory "6"]
[SourceTitle "BritBase"]
[Source "John Saunders"]
[SourceDate "2020.09.07"]
[SourceVersion "1"]
[SourceVersionDate "2020.09.07"]
[SourceQuality "2"]

1. e4 e6 2. d4 d5 3. Nc3 Bb4 4. Bd2 dxe4 5. Qg4 Qxd4 6. Nf3 h5 7. Qxe6+ Bxe6 8.
Nxd4 Bd7 9. Nxe4 Bxd2+ 10. Kxd2 Nc6 11. Nxc6 Bxc6 12. Bd3 O-O-O 13. Rhe1 Nh6
14. f3 Bb5 1/2-1/2

[Event "NatWest Young Masters 3rd"]
[Site "London"]
[Date "1986.08.30"]
[Round "1"]
[White "Whiteley, Andrew J"]
[Black "Ravikumar, Vaidyanathan"]
[Result "1-0"]
[WhiteElo "2375"]
[BlackElo "2345"]
[PlyCount "89"]
[EventDate "1986.08.30"]
[EventType "tourn"]
[EventRounds "9"]
[EventCountry "ENG"]
[EventCategory "6"]
[SourceTitle "BritBase"]
[Source "John Saunders"]
[SourceDate "2020.09.07"]
[SourceVersion "1"]
[SourceVersionDate "2020.09.07"]
[SourceQuality "2"]

1. d4 e6 2. c4 Nf6 3. Nc3 c5 4. d5 exd5 5. cxd5 Bd6 6. Nf3 O-O 7. g3 Re8 8. Bg2
Bc7 9. O-O d6 10. Nd2 a6 11. a4 Nbd7 12. Nc4 Nb6 13. Na3 Bf5 14. f3 Bd7 15. e4
Rb8 16. Re1 Nc8 17. Bf1 Na7 18. Nc4 Nc8 19. Na3 h6 20. Kh1 Re7 21. g4 Qe8 22.
g5 hxg5 23. Bxg5 Ba5 24. Nc4 Bxc3 25. bxc3 b5 26. axb5 axb5 27. Nd2 c4 28. Bxf6
gxf6 29. f4 f5 30. Bxc4 bxc4 31. Qh5 Rxe4 32. Nxe4 fxe4 33. Rg1+ Kf8 34. Qh7
Ke7 35. Rg8 Qxg8 36. Qxg8 Rb2 37. Qg5+ Ke8 38. Re1 Bh3 39. Rxe4+ Kd7 40. Re1
Kc7 41. Qg7 Bg2+ 42. Qxg2 Rxg2 43. Kxg2 Nb6 44. Rd1 Kd7 45. Rd4 1-0

[Event "NatWest Young Masters 3rd"]
[Site "London"]
[Date "1986.08.31"]
[Round "2"]
[White "Gerber, Richard"]
[Black "Ravikumar, Vaidyanathan"]
[Result "1/2-1/2"]
[WhiteElo "2395"]
[BlackElo "2345"]
[PlyCount "26"]
[EventDate "1986.08.30"]
[EventType "tourn"]
[EventRounds "9"]
[EventCountry "ENG"]
[EventCategory "6"]
[SourceTitle "BritBase"]
[Source "John Saunders"]
[SourceDate "2020.09.07"]
[SourceVersion "1"]
[SourceVersionDate "2020.09.07"]
[SourceQuality "2"]

1. d4 Nf6 2. Nf3 e6 3. Bg5 Be7 4. e3 h6 5. Bh4 d5 6. Bd3 O-O 7. Nbd2 c5 8. c3
b6 9. Ne5 Nfd7 10. Bxe7 Qxe7 11. O-O Nxe5 12. dxe5 Ba6 13. Bxa6 Nxa6 1/2-1/2

[Event "NatWest Young Masters 3rd"]
[Site "London"]
[Date "1986.08.31"]
[Round "2"]
[White "Hebden, Mark L"]
[Black "Pedersen, Erik"]
[Result "1/2-1/2"]
[WhiteElo "2430"]
[BlackElo "2400"]
[PlyCount "126"]
[EventDate "1986.08.30"]
[EventType "tourn"]
[EventRounds "9"]
[EventCountry "ENG"]
[EventCategory "6"]
[SourceTitle "BritBase"]
[Source "John Saunders"]
[SourceDate "2020.09.07"]
[SourceVersion "1"]
[SourceVersionDate "2020.09.07"]
[SourceQuality "2"]

1. e4 c6 2. d4 d5 3. exd5 cxd5 4. c4 Nf6 5. Nc3 e6 6. Nf3 Bb4 7. cxd5 Nxd5 8.
Bd2 Nc6 9. Bd3 Be7 10. O-O Ndb4 11. Be2 O-O 12. a3 Nd5 13. Bd3 Bf6 14. Qe2 Nxd4
15. Nxd4 Bxd4 16. Bxh7+ Kxh7 17. Qd3+ Kg8 18. Qxd4 Ne7 19. Qf4 Ng6 20. Qe3 b6
21. Ne4 Qd5 22. Rfe1 Bb7 23. Qh3 Qf5 24. Qxf5 exf5 25. Nd6 Rfd8 26. Bb4 Bc8 27.
Nxc8 Raxc8 28. g3 f4 29. Kg2 Rd3 30. Rad1 f3+ 31. Kf1 Rxd1 32. Rxd1 Rc2 33. Bc3
f6 34. h3 Ne5 35. Kg1 Nc4 36. Rd8+ Kf7 37. Rd7+ Kg6 38. g4 Nxb2 39. Bxb2 Rxb2
40. Rxa7 b5 41. Re7 b4 42. axb4 Rxb4 43. Kh2 f5 44. gxf5+ Kf6 45. Re3 Kxf5 46.
Rxf3+ Kg6 47. Kg3 Ra4 48. Rd3 Rb4 49. Rd6+ Kf7 50. h4 g6 51. f3 Ra4 52. Rd5 Rb4
53. Rg5 Kf6 54. Rg4 Rb5 55. Rf4+ Kg7 56. Kg4 Rb1 57. Rd4 Rb5 58. Kf4 Rh5 59.
Ke3 Ra5 60. Rg4 Ra3+ 61. Kf4 Kf6 62. Rg5 Ra4+ 63. Kg3 Rb4 1/2-1/2

[Event "NatWest Young Masters 3rd"]
[Site "London"]
[Date "1986.08.31"]
[Round "2"]
[White "Norwood, David"]
[Black "Gallagher, Joseph G"]
[Result "1/2-1/2"]
[WhiteElo "2415"]
[BlackElo "2360"]
[PlyCount "81"]
[EventDate "1986.08.30"]
[EventType "tourn"]
[EventRounds "9"]
[EventCountry "ENG"]
[EventCategory "6"]
[SourceTitle "BritBase"]
[Source "John Saunders"]
[SourceDate "2020.09.07"]
[SourceVersion "1"]
[SourceVersionDate "2020.09.07"]
[SourceQuality "2"]

1. b3 e5 2. Bb2 Nc6 3. e3 d6 4. Be2 g6 5. h4 h5 6. f4 Bg7 7. Nf3 Nh6 8. fxe5
Nf5 9. O-O Nxh4 10. d4 O-O 11. exd6 Bh6 12. Bc1 cxd6 13. Nxh4 Qxh4 14. Nc3 Bg4
15. Nd5 Bg5 16. Bf3 Rae8 17. c3 Ne7 18. Qe1 Qxe1 19. Rxe1 Bxf3 20. Nxe7+ Rxe7
21. gxf3 Rfe8 22. e4 Bxc1 23. Rexc1 f5 24. exf5 g5 25. Rc2 Re2 26. Rxe2 Rxe2
27. Kf1 Rc2 28. Re1 Rxc3 29. Kf2 Kf7 30. Re6 Rc2+ 31. Ke3 Rxa2 32. Rxd6 Rb2 33.
Rd7+ Kf6 34. Rxb7 Kxf5 35. Rf7+ Kg6 36. Rxa7 Rxb3+ 37. Ke4 h4 38. Ra6+ Kg7 39.
Ra7+ Kg6 40. Ra6+ Kg7 41. Ra7+ 1/2-1/2

[Event "NatWest Young Masters 3rd"]
[Site "London"]
[Date "1986.08.31"]
[Round "2"]
[White "Rodgaard, John"]
[Black "Whiteley, Andrew J"]
[Result "1/2-1/2"]
[WhiteElo "2350"]
[BlackElo "2375"]
[PlyCount "95"]
[EventDate "1986.08.30"]
[EventType "tourn"]
[EventRounds "9"]
[EventCountry "ENG"]
[EventCategory "6"]
[SourceTitle "BritBase"]
[Source "John Saunders"]
[SourceDate "2020.09.07"]
[SourceVersion "1"]
[SourceVersionDate "2020.09.07"]
[SourceQuality "2"]

1. c4 Nf6 2. Nf3 g6 3. b3 Bg7 4. Bb2 O-O 5. g3 d6 6. d4 e5 7. dxe5 Nfd7 8. Nc3
dxe5 9. Qd2 Re8 10. Bg2 Nc6 11. O-O e4 12. Ne1 e3 13. fxe3 Nce5 14. Nc2 c6 15.
Rad1 Qb6 16. Na4 Qc7 17. Ba3 Bf8 18. Bd6 Bxd6 19. Qxd6 Qa5 20. Qd2 Nxc4 21.
Qxa5 Nxa5 22. Rf4 Ne5 23. Nb2 Be6 24. Ra4 b6 25. Nd4 Bd7 26. Nf3 Nxf3+ 27. Bxf3
Re7 28. Rad4 Be8 29. Rd8 Rxd8 30. Rxd8 c5 31. Kf2 Kg7 32. Nc4 Nxc4 33. bxc4 Bd7
34. Bd5 Be6 35. e4 Kf6 36. Kf3 h5 37. h4 Rd7 38. Ra8 Ke5 39. e3 f5 40. exf5
Bxd5+ 41. cxd5 gxf5 42. Rh8 c4 43. e4 Kd4 44. exf5 Kd3 45. Rc8 c3 46. g4 hxg4+
47. Kxg4 c2 48. f6 1/2-1/2

[Event "NatWest Young Masters 3rd"]
[Site "London"]
[Date "1986.08.31"]
[Round "2"]
[White "Thomas, Ian L"]
[Black "Schiller, Eric Andrew"]
[Result "1-0"]
[WhiteElo "2350"]
[BlackElo "2370"]
[PlyCount "81"]
[EventDate "1986.08.30"]
[EventType "tourn"]
[EventRounds "9"]
[EventCountry "ENG"]
[EventCategory "6"]
[SourceTitle "BritBase"]
[Source "John Saunders"]
[SourceDate "2020.09.07"]
[SourceVersion "1"]
[SourceVersionDate "2020.09.07"]
[SourceQuality "2"]

1. e4 c6 2. d4 d5 3. exd5 cxd5 4. c4 Nf6 5. Nc3 Nc6 6. Bg5 Be6 7. Nge2 Qa5 8.
Nf4 Rd8 9. c5 Ne4 10. Nxe6 fxe6 11. Bd2 Nxd2 12. Qxd2 g6 13. Bb5 Bg7 14. Rd1
O-O 15. Bxc6 bxc6 16. Qe3 e5 17. dxe5 Qb4 18. Rd4 Qxb2 19. O-O Rb8 20. Ra4 $1
Rf5 21. f4 Bxe5 $5 22. fxe5 Rxf1+ 23. Kxf1 Rf8+ 24. Ke1 Qa1+ {(Qxg2!=)} 25. Kd2
Rb8 26. Nd1 Rb1 27. Qe2 Rb5 28. Ke1 a5 29. Qe3 Rb1 30. Rd4 Qxa2 31. Qf3 Qc2 32.
Rf4 Qxc5 33. Rf8+ Kg7 34. Re8 Qb4+ 35. Ke2 Qc4+ 36. Kd2 Qb4+ 37. Kc2 e6 38. g4
Ra1 39. Qf6+ Kh6 40. Qh4+ Kg7 41. Re7+ 1-0

[Event "NatWest Young Masters 3rd"]
[Site "London"]
[Date "1986.09.01"]
[Round "3"]
[White "Gallagher, Joseph G"]
[Black "Hebden, Mark L"]
[Result "1/2-1/2"]
[WhiteElo "2360"]
[BlackElo "2430"]
[PlyCount "121"]
[EventDate "1986.08.30"]
[EventType "tourn"]
[EventRounds "9"]
[EventCountry "ENG"]
[EventCategory "6"]
[SourceTitle "BritBase"]
[Source "John Saunders"]
[SourceDate "2020.09.07"]
[SourceVersion "1"]
[SourceVersionDate "2020.09.07"]
[SourceQuality "2"]

1. d4 Nf6 2. Bg5 Ne4 3. Bf4 c5 4. f3 Qa5+ 5. c3 Nf6 6. Nd2 cxd4 7. Nb3 Qb6 8.
cxd4 d5 9. e3 Nc6 10. Bd3 g6 11. Ne2 Bg7 12. Nc3 O-O 13. O-O e5 14. Bg3 Re8 15.
Bf2 Be6 16. Na4 Qc7 17. Nac5 exd4 18. exd4 Rad8 19. Qd2 Bc8 20. Rfe1 a6 21. a4
Rxe1+ 22. Rxe1 Re8 23. a5 Rxe1+ 24. Qxe1 Bf8 25. Bg3 Qe7 26. Qxe7 Bxe7 27. Bf2
Ne8 28. Kf1 Nd6 29. Ke2 Kf8 30. Be1 Nc4 31. Bc3 Nd6 32. Nd2 Bf6 33. Ke3 Ke8 34.
b4 h5 35. Ndb3 Ne7 36. Be2 Nef5+ 37. Kf2 Nc4 38. Bxc4 dxc4 39. Nd2 Bxd4+ 40.
Bxd4 Nxd4 41. Nxc4 Ke7 42. Nb6 Kd8 43. Nd5 Nc6 44. Ke3 Be6 45. Nf4 Bc4 46.
Nxb7+ Kc7 47. Nc5 Kd6 48. Nfd3 Bxd3 49. Kxd3 Nxb4+ 50. Kc4 Nc6 51. Nxa6 Nxa5+
52. Kd4 Nc6+ 53. Ke4 f6 54. h4 Ne7 55. g4 f5+ 56. Kf4 Nd5+ 57. Kg3 Ke5 58. gxh5
gxh5 59. Nc5 f4+ 60. Kg2 Kd4 61. Ne6+ 1/2-1/2

[Event "NatWest Young Masters 3rd"]
[Site "London"]
[Date "1986.09.01"]
[Round "3"]
[White "Pedersen, Erik"]
[Black "Gerber, Richard"]
[Result "1/2-1/2"]
[WhiteElo "2400"]
[BlackElo "2395"]
[PlyCount "76"]
[EventDate "1986.08.30"]
[EventType "tourn"]
[EventRounds "9"]
[EventCountry "ENG"]
[EventCategory "6"]
[SourceTitle "BritBase"]
[Source "John Saunders"]
[SourceDate "2020.09.07"]
[SourceVersion "1"]
[SourceVersionDate "2020.09.07"]
[SourceQuality "2"]

1. d4 d5 2. Nf3 Nf6 3. e3 e6 4. Bd3 Be7 5. O-O O-O 6. b3 b6 7. Bb2 Bb7 8. c4
Nbd7 9. Qe2 c5 10. Nc3 Rc8 11. Rac1 Qc7 12. cxd5 exd5 13. Rfd1 Rfe8 14. dxc5
bxc5 15. Ba6 Nb6 16. Bxb7 Qxb7 17. Qd3 Red8 18. Qf5 a5 19. Ne2 a4 20. Nf4 axb3
21. axb3 Qd7 22. Qb1 h6 23. Ne5 Qe8 24. Qf5 c4 25. Ng4 Qd7 26. Qxd7 Rxd7 27.
Bxf6 Bxf6 28. Nxf6+ gxf6 29. bxc4 dxc4 30. Rxd7 Nxd7 31. Nd5 Kg7 32. e4 Rc5 33.
g4 Ne5 34. h3 h5 35. gxh5 f5 36. Nc3 Nd3 37. Rc2 fxe4 38. Nxe4 Rxh5 1/2-1/2

[Event "NatWest Young Masters 3rd"]
[Site "London"]
[Date "1986.09.01"]
[Round "3"]
[White "Ravikumar, Vaidyanathan"]
[Black "Rodgaard, John"]
[Result "1/2-1/2"]
[WhiteElo "2345"]
[BlackElo "2350"]
[PlyCount "85"]
[EventDate "1986.08.30"]
[EventType "tourn"]
[EventRounds "9"]
[EventCountry "ENG"]
[EventCategory "6"]
[SourceTitle "BritBase"]
[Source "John Saunders"]
[SourceDate "2020.09.07"]
[SourceVersion "1"]
[SourceVersionDate "2020.09.07"]
[SourceQuality "2"]

1. d4 e6 2. c4 Nf6 3. Nc3 d5 4. Nf3 Be7 5. Bg5 h6 6. Bh4 Ne4 7. Bxe7 Qxe7 8.
Nxe4 dxe4 9. Nd2 f5 10. e3 O-O 11. Be2 b6 12. O-O Bb7 13. Qb3 Nd7 14. Rac1 Kh8
15. Rc3 c6 16. c5 e5 17. Nc4 exd4 18. exd4 Rab8 19. Qa3 bxc5 20. dxc5 Nf6 21.
Nd6 Bc8 22. Bc4 Be6 23. Bxe6 Qxe6 24. Re1 Nd5 25. Rb3 Rxb3 26. Qxb3 Qe5 27. g3
Qd4 28. Rc1 Qe5 29. Rc4 e3 30. f4 e2 31. fxe5 e1=Q+ 32. Kg2 Qe2+ 33. Kh3 Qxe5
$4 (33... Qf1+ $19) 34. Ra4 f4 35. Qf3 Kg8 36. Rxa7 fxg3 37. Qxf8+ Kxf8 38.
Ra8+ Ke7 39. Re8+ Kf6 40. Rxe5 Kxe5 41. hxg3 Kd4 42. Nf5+ Kxc5 43. Nxg7 1/2-1/2

[Event "NatWest Young Masters 3rd"]
[Site "London"]
[Date "1986.09.01"]
[Round "3"]
[White "Schiller, Eric Andrew"]
[Black "Norwood, David"]
[Result "0-1"]
[WhiteElo "2370"]
[BlackElo "2415"]
[PlyCount "70"]
[EventDate "1986.08.30"]
[EventType "tourn"]
[EventRounds "9"]
[EventCountry "ENG"]
[EventCategory "6"]
[SourceTitle "BritBase"]
[Source "John Saunders"]
[SourceDate "2020.09.07"]
[SourceVersion "1"]
[SourceVersionDate "2020.09.07"]
[SourceQuality "2"]

1. e4 g6 2. Nc3 Bg7 3. f4 d6 4. Nf3 Nf6 5. d3 c6 6. Be2 Qb6 7. Qd2 O-O 8. Qe3
c5 9. Nd1 Nc6 10. c3 e5 11. Qf2 Ng4 12. Qh4 f5 13. exf5 Bxf5 14. h3 Nf6 15. Ne3
Rae8 16. g4 Bxd3 17. Bxd3 exf4 18. O-O fxe3 19. Ng5 d5 20. Be2 Qc7 21. Kg2 Nd8
22. Nf3 Ne6 23. Bb5 Nf4+ 24. Kg1 Re7 25. Re1 a6 26. Bf1 e2 27. Bg2 Nd3 28. Bg5
Nxe1 29. Nxe1 Ref7 30. Nd3 Ne4 31. Re1 c4 32. Bxe4 dxe4 33. Nf4 Rxf4 34. Rxe2
Rf1+ 35. Kg2 e3 0-1

[Event "NatWest Young Masters 3rd"]
[Site "London"]
[Date "1986.09.01"]
[Round "3"]
[White "Whiteley, Andrew J"]
[Black "Thomas, Ian L"]
[Result "1-0"]
[WhiteElo "2375"]
[BlackElo "2350"]
[PlyCount "81"]
[EventDate "1986.08.30"]
[EventType "tourn"]
[EventRounds "9"]
[EventCountry "ENG"]
[EventCategory "6"]
[SourceTitle "BritBase"]
[Source "John Saunders"]
[SourceDate "2020.09.07"]
[SourceVersion "1"]
[SourceVersionDate "2020.09.07"]
[SourceQuality "2"]

1. d4 f5 2. Nf3 Nf6 3. g3 g6 4. Bg2 Bg7 5. O-O O-O 6. b3 d6 7. Bb2 c6 8. Nbd2
Nbd7 9. e4 Nxe4 10. Nxe4 fxe4 11. Ng5 Nf6 12. Nxe4 Nxe4 13. Bxe4 Bh3 14. Bg2
Qd7 15. Qd2 Bxg2 16. Kxg2 Rf5 17. Rae1 c5 18. c4 cxd4 19. Bxd4 Rh5 20. Bxg7
Qh3+ 21. Kf3 Rf5+ 22. Ke2 Kxg7 23. Kd1 Qg4+ 24. Kc1 Re8 25. f4 b5 26. Qd4+ Kf7
27. cxb5 Rc5+ 28. Kb2 Qf5 29. Rf2 Rec8 30. a4 Rc2+ 31. Ka3 Rxf2 32. Qxf2 Rc2
33. Qxa7 Qf6 34. Qe3 e6 35. b6 Rc8 36. a5 d5 37. Qxe6+ Qxe6 38. Rxe6 Kxe6 39.
b7 Rb8 40. a6 d4 41. a7 1-0

[Event "NatWest Young Masters 3rd"]
[Site "London"]
[Date "1986.09.02"]
[Round "4"]
[White "Gerber, Richard"]
[Black "Rodgaard, John"]
[Result "1-0"]
[WhiteElo "2395"]
[BlackElo "2350"]
[PlyCount "61"]
[EventDate "1986.08.30"]
[EventType "tourn"]
[EventRounds "9"]
[EventCountry "ENG"]
[EventCategory "6"]
[SourceTitle "BritBase"]
[Source "John Saunders"]
[SourceDate "2020.09.07"]
[SourceVersion "1"]
[SourceVersionDate "2020.09.07"]
[SourceQuality "2"]

1. d4 d5 2. c4 c6 3. Nc3 e6 4. Nf3 Nf6 5. Bg5 h6 6. Bh4 dxc4 7. e4 g5 8. Bg3 b5
9. e5 Nh5 10. Be2 Nd7 11. Nd2 Nxg3 12. fxg3 Bg7 13. O-O Qb6 14. Nde4 Bxe5 15.
Kh1 Qxd4 16. Qc2 O-O 17. Rad1 Qb6 18. h4 Kg7 19. Qd2 Rh8 20. Nxg5 hxg5 21.
Qxg5+ Kf8 22. Rxd7 Bxd7 23. Qxe5 Rg8 24. Qd6+ Ke8 25. Bh5 Kd8 26. Rxf7 Qb7 27.
Ne4 Kc8 28. Qe7 Qc7 29. Nd6+ Kb8 30. Qxd7 Qxd7 31. Rxd7 1-0

[Event "NatWest Young Masters 3rd"]
[Site "London"]
[Date "1986.09.02"]
[Round "4"]
[White "Hebden, Mark L"]
[Black "Schiller, Eric Andrew"]
[Result "1-0"]
[WhiteElo "2430"]
[BlackElo "2370"]
[PlyCount "47"]
[EventDate "1986.08.30"]
[EventType "tourn"]
[EventRounds "9"]
[EventCountry "ENG"]
[EventCategory "6"]
[SourceTitle "BritBase"]
[Source "John Saunders"]
[SourceDate "2020.09.07"]
[SourceVersion "1"]
[SourceVersionDate "2020.09.07"]
[SourceQuality "2"]

1. e4 c6 2. c4 d5 3. exd5 cxd5 4. cxd5 Qxd5 5. Nc3 Qd6 6. d4 Nf6 7. Nf3 g6 8.
Bg5 Bg7 9. Rc1 O-O 10. Nb5 Qe6+ 11. Be2 Na6 12. a3 Bd7 13. O-O Qb6 14. Nc3 Rac8
15. b4 Qd6 16. Qd2 Rfd8 17. Bf4 Qb6 18. b5 $1 Rxc3 19. Qxc3 Nd5 20. Qd2 Nac7
21. Bxc7 Nxc7 22. a4 Qd6 23. Qa5 Nd5 $4 24. Qxd8+ 1-0

[Event "NatWest Young Masters 3rd"]
[Site "London"]
[Date "1986.09.02"]
[Round "4"]
[White "Norwood, David"]
[Black "Whiteley, Andrew J"]
[Result "1-0"]
[WhiteElo "2415"]
[BlackElo "2375"]
[PlyCount "53"]
[EventDate "1986.08.30"]
[EventType "tourn"]
[EventRounds "9"]
[EventCountry "ENG"]
[EventCategory "6"]
[SourceTitle "BritBase"]
[Source "John Saunders"]
[SourceDate "2020.09.07"]
[SourceVersion "1"]
[SourceVersionDate "2020.09.07"]
[SourceQuality "2"]

1. d4 d5 2. Nf3 Nf6 3. e3 g6 4. Be2 Bg7 5. O-O O-O 6. b3 b6 7. Bb2 Bb7 8. Nbd2
Nbd7 9. c4 c5 10. Ne5 cxd4 11. exd4 dxc4 12. Ndxc4 Nd5 13. Bf3 N7f6 14. Qd2 Rc8
15. Rac1 Rc7 16. Ba3 Qa8 17. h4 h5 18. Qg5 Nh7 19. Qg3 Qc8 20. Bxd5 Bxd5 21.
Ne3 Rxc1 22. Rxc1 Qd8 23. Bxe7 Qxe7 24. Nxd5 Qa3 25. Rc7 Re8 26. Qf3 f5 27.
Ne7+ 1-0

[Event "NatWest Young Masters 3rd"]
[Site "London"]
[Date "1986.09.02"]
[Round "4"]
[White "Pedersen, Erik"]
[Black "Gallagher, Joseph G"]
[Result "1-0"]
[WhiteElo "2400"]
[BlackElo "2360"]
[PlyCount "91"]
[EventDate "1986.08.30"]
[EventType "tourn"]
[EventRounds "9"]
[EventCountry "ENG"]
[EventCategory "6"]
[SourceTitle "BritBase"]
[Source "John Saunders"]
[SourceDate "2020.09.07"]
[SourceVersion "1"]
[SourceVersionDate "2020.09.07"]
[SourceQuality "2"]

1. d4 Nf6 2. Nf3 g6 3. c4 Bg7 4. Nc3 O-O 5. Bf4 d6 6. h3 Nbd7 7. e3 Qe8 8. Be2
e5 9. Bh2 Qe7 10. O-O Re8 11. c5 e4 12. cxd6 cxd6 13. Nd2 Nf8 14. Rc1 Rd8 15.
Nb5 Ne8 16. Qa4 Bd7 17. Qb4 Bc6 18. Nc4 Ne6 19. Na5 Qd7 20. d5 Bxd5 21. Rfd1
Bc6 22. Bxd6 Nxd6 23. Rxd6 Bf8 24. Rxd7 Bxb4 25. Nxc6 bxc6 26. Rxd8+ Nxd8 27.
Nd4 Rc8 28. Bb5 Bf8 29. Nxc6 Kg7 30. Rc2 Nxc6 31. Bxc6 f5 32. Bxe4 Rd8 33. Rc7+
Kf6 34. Bf3 Rd2 35. Rxa7 Rxb2 36. Bd5 Bd6 37. g3 h5 38. Ra6 Ke7 39. Ra7+ Kf6
40. h4 Ke5 41. Bf7 Kf6 42. Be8 Bb4 43. Rf7+ Ke5 44. Rb7 Kd6 45. Bxg6 Kc6 46.
Rf7 1-0

[Event "NatWest Young Masters 3rd"]
[Site "London"]
[Date "1986.09.02"]
[Round "4"]
[White "Thomas, Ian L"]
[Black "Ravikumar, Vaidyanathan"]
[Result "0-1"]
[WhiteElo "2350"]
[BlackElo "2345"]
[PlyCount "78"]
[EventDate "1986.08.30"]
[EventType "tourn"]
[EventRounds "9"]
[EventCountry "ENG"]
[EventCategory "6"]
[SourceTitle "BritBase"]
[Source "John Saunders"]
[SourceDate "2020.09.07"]
[SourceVersion "1"]
[SourceVersionDate "2020.09.07"]
[SourceQuality "2"]

1. e4 e6 2. d4 d5 3. e5 b6 4. c3 Qd7 5. f4 Ne7 6. Nf3 h5 7. a4 a5 8. b4 axb4 9.
cxb4 Nbc6 10. Bb5 Qd8 11. Qc2 Bd7 12. Bd2 Nxe5 13. Nxe5 Bxb5 14. Nc3 Bd7 15.
O-O Nf5 16. Ne2 Bd6 17. Rf3 f6 18. Nc6 Bxc6 19. Qxc6+ Kf7 20. a5 Qe8 21. Qc3
bxa5 22. bxa5 Qb5 23. Ng3 Nxd4 24. Rd3 c5 25. Kh1 h4 26. Nf1 Ne2 27. Qc2 c4 28.
Rh3 Nxf4 29. Rb1 Qd7 30. Rf3 Nd3 31. Rxd3 cxd3 32. Qxd3 Rhb8 33. Re1 Bb4 34. a6
Bxd2 35. Nxd2 Qb5 36. Qh3 Rxa6 37. Qxh4 Qb2 38. Nf3 Ra1 39. Qh5+ Kg8 0-1